| 000 | 00497nam a2200181Ia 4500 | ||
|---|---|---|---|
| 001 | 13537 | ||
| 005 | 20260306164808.0 | ||
| 008 | 260306t2015||||xx |||||||||||||| ||spa|| | ||
| 041 | _aESP | ||
| 082 |
_a004.6 _bR16 |
||
| 100 |
_aRafaels, Ray _eAUT |
||
| 245 | 0 |
_aCloud computing from beginning to end: _bcloud technology, design, and migration methodologies explained |
|
| 260 | _c2015 | ||
| 300 |
_axi, 151 páginas : _c23 cm. |
||
| 650 | _aGEN | ||
| 654 | _aCCC | ||
| 942 |
_cLIB _dJUS _fJUS _2ddc _n |
||
| 999 |
_c13537 _d13537 |
||